Анализ движения небесных тел и их наблюдений: сборник научных трудов

ग्रंथसूची विवरण
निगमित लेखक: Латвийский государственный университет им. Петра Стучки
भाषा:रूसी
प्रकाशित: Рига, Изд-во ЛатГУ, 1982
विषय:
स्वरूप: पुस्तक
KOHA link:https://koha.lib.tpu.ru/cgi-bin/koha/opac-detail.pl?biblionumber=299238

MARC

LEADER 00000nam0a2200000 4500
001 299238
005 20231102001201.0
035 |a (RuTPU)RU\TPU\book\324390 
090 |a 299238 
100 |a 20150626d1982 k y0rusy5003 ca 
101 0 |a rus 
102 |a LV 
105 |a a z 001zy 
200 1 |a Анализ движения небесных тел и их наблюдений  |e сборник научных трудов  |f Латвийский государственный университет им. Петра Стучки 
210 |a Рига  |c Изд-во ЛатГУ  |d 1982 
215 |a 135 с.  |c ил.  |d 20 см 
320 |a Библиография в конце статей 
606 1 |a Небесные тела  |x Движение  |2 stltpush  |3 (RuTPU)RU\TPU\subj\45218  |9 64474 
610 1 |a небесная механика 
610 1 |a астрономические наблюдения 
610 1 |a кометы 
610 1 |a диффузия 
610 1 |a уравнения 
610 1 |a орбиты 
610 1 |a статистическое распределение 
610 1 |a наблюдения 
610 1 |a ошибки 
610 1 |a оценка 
675 |a 521.1  |z rus  |v 4 
712 0 2 |a Латвийский государственный университет им. Петра Стучки  |2 stltpush  |3 (RuTPU)RU\TPU\col\7102  |9 24292 
801 0 |a RU  |b RuMRKP  |c 19950704  |g psbo 
801 1 |a RU  |b 63413507  |c 20150626 
801 2 |a RU  |b 63413507  |c 20170801  |g RCR 
942 |c BK